20-21 Top 10 NBA Centers - Statistics

General Stats
  • This quiz has been taken 46 times
  • The average score is 7 of 10
Answer Stats
Rank Player % Correct
1 Nikola Jokic
100%
2 Joel Embiid
98%
8 DeAndre Ayton
89%
6 Bam Adebayo
73%
3 Karl-Anthony Towns
70%
4 Rudy Gobert
68%
5 Nikola Vucevic
61%
7 Clint Capela
59%
10 Brook Lopez
57%
9 Myles Turner
36%
No matching quizzes found
Score Distribution
Percent of People with Each Score
Percentile by Number Answered
Your Score History
You have not taken this quiz